Random Indonesian to English Words #1 - Statistics

General Stats
  • This quiz has been taken 52 times
  • The average score is 10 of 15
Answer Stats
Bahasa Indonesia English % Correct
Satu One
98%
Dua Two
98%
Enam Six
85%
Besar Big
83%
Orang People
83%
Panjang Long
71%
Bahagia Happy
68%
Pulau Island
63%
Gunung Mountain
63%
Laut Sea
63%
Hebat Great
51%
Jantung Heart
51%
Awan Cloud
49%
Tanah Land
46%
Pemerintah Government
37%
No matching quizzes found
Score Distribution
Percent of People with Each Score
Percentile by Number Answered
Your Score History
You have not taken this quiz